Normal view
MARC view
- Christian children
Entry Topical Term
001 - CONTROL NUMBER
- control field: 85815
003 - CONTROL NUMBER IDENTIFIER
- control field: OSt
005 - DATE AND TIME OF LATEST TRANSACTION
- control field: 20241202105710.0
008 - FIXED-LENGTH DATA ELEMENTS
- fixed length control field: 241202|| aca||aabn | a|a d
040 ## - CATALOGING SOURCE
- Original cataloging agency: OSt
- Transcribing agency: OSt
150 ## - HEADING--TOPICAL TERM
- Topical term or geographic name as entry element: Christian children
- General subdivision: Conduct of life
670 ## - SOURCE DATA FOUND
- Source citation: Work cat.: (OSt)48016: Jones, Jeremy V., author. 27599, Triple dog dare :, 2011.